[Event "Tourn. n10067"]
[Site "www.echecsemail.com"]
[Date "2019.03.24"]
[Round "1"]
[White "Malbertan"]
[Black "Amaya"]
[WhiteElo "1990"]
[BlackElo "2090"]
[Result "1-0"]
[Round "1"]
1.e4 e6
2.d4 d5
3.Nb1c3 Bf8b4
4.Bc1d2 Bb4xc3
5.bxc3 Ng8e7
6.Bf1d3 c5
7.Ng1f3 Qd8c7
8.O-O c4
9.Bd3e2 O-O
10.e5 Nb8c6
11.Nf3g5 Ne7g6
12.Be2h5 Nc6e7
13.Qd1g4 f5
14.Qg4h3 h6
15.Ng5f3 Bc8d7
16.Qh3g3 Bd7e8
17.h4 f4
18.Qg3g4 Ng6h8
19.Qg4xe6 Be8f7
20.Bh5xf7 Nh8xf7
21.Bd2xf4 Kh8
22.h5 Ra8e8
23.Qe6h3 Ne7g8
24.Qh3g3 Ng8e7
25.e6 Nf7d6
26.Bf4xd6 { resign }
1-0

[Event "Tourn. n9892"]
[Site "www.echecsemail.com"]
[Date "2019.03.24"]
[Round "1"]
[White "Szustan"]
[Black "Gvladutz"]
[WhiteElo "2590"]
[BlackElo "2480"]
[Result "1-0"]
[Round "1"]
1.e4 c5
2.c3 Ng8f6
3.e5 Nf6d5
4.d4 cxd4
5.Ng1f3 Nb8c6
6.Bf1c4 Nd5b6
7.Bc4b3 d5
8.exd6 Qd8xd6
9.O-O Bc8e6
10.Bb3xe6 Qd6xe6
11.Nf3xd4 Nc6xd4
12.Qd1xd4 Ra8d8
13.Qd4h4 Qe6e2
14.Bc1d2 e6
15.Rf1e1 Qe2c4
16.Qh4g3 Qc4d3
17.Bd2e3 Nb6c4
18.Be3xa7 Qd3xg3
19.hxg3 Nc4xb2
20.Ba7d4 Nb2c4
21.a4 Rd8d5
22.Ra1a2 Bf8c5
23.Bd4xg7 Rh8g8
24.Bg7d4 Bc5xd4
25.cxd4 Rd5xd4
26.Nb1c3 Nc4d6
27.Nc3e2 Rd4c4
28.a5 Ke7
29.a6 bxa6
30.Ra2xa6 Nd6e4
31.Ra6a7 Kf6
32.Ne2f4 Rg8g5
33.Kf1 Rg5f5
34.Kg1 Rf5c5
35.g4 Ne4d6
36.Nf4h5 Kg6
37.f3 Nd6c8
38.Ra7a8 Rc5c6
39.Kf2 f5
40.Kg3 fxg4
41.fxg4 Rc4c3
42.Kh4 Rc3c1
43.Nh5f4 Kf6
44.Nf4h5 Ke7
45.Re1e3 Rc6c3
46.Re3f3 Rc3c2
47.Nh5f4 Rc2c4
48.Kg3 e5
49.Nf4d5 Ke6
50.Nd5e3 Rc4c7
51.g5 Nc8d6
52.Rf3f6 Kd7
53.Kg4 Rc1e1
54.Ra8a3 Nd6b5
55.Ra3d3 Nb5d4
56.Ne3d5 Rc7c5
57.Rd3h3 Re1e4
58.Kg3 Rc5xd5
59.Rh3xh7 Kc8
60.g6 Rd5d8
61.g7 Re4f4
62.Rf6xf4 exf4
63.Kxf4 Nd4e6
64.Kg4 Ne6xg7
65.Rh7xg7 Rd8d6
66.Kf5 Kd8
67.g4 Ke8
68.Rg7g6 Rd6d7
69.Rg6f6 Ke7
70.g5 Rd7d4
71.Kg6 Rd4g4
72.Rf6f3 Rg4g2
73.Kh6 Ke6
74.g6 Rg2h2
75.Kg7 Rh2g2
76.Kh7 Rg2h2
77.Kg8 Ke7
78.g7 Ke8
79.Rf3e3 Kd7
80.Re3e4 Kd6
81.Kf7 Rh2f2
82.Kg6 Rf2c2
83.Re4g4 Rc2c8
84.Kf6 Rc8g8
85.Rg4g5 Kd7
86.Kf7 { resign }
1-0

[Event "Match"]
[Site "www.echecsemail.com"]
[Date "2019.03.24"]
[Round "1"]
[White "Shallowthink"]
[Black "Caspito"]
[WhiteElo "1809"]
[BlackElo "1860"]
[Result "0-1"]
[Round "1"]
1.d4 Ng8f6
2.c4 e6
3.Ng1f3 g6
4.Nb1c3 Bf8g7
5.e4 d6
6.Bf1e2 O-O
7.O-O c6
8.Qd1c2 Nb8d7
9.Bc1e3 e5
10.d5 a6
11.Rf1c1 c5
12.h3 Nf6h5
13.Rc1e1 Nh5f4
14.Be2f1 Nd7f6
15.Ra1b1 b5
{ resign }
0-1

[Event "Tourn. n10047"]
[Site "www.echecsemail.com"]
[Date "2019.03.24"]
[Round "1"]
[White "Bjonil60"]
[Black "Chessdna"]
[WhiteElo "1400"]
[BlackElo "1499"]
[Result "0-1"]
[Round "1"]
1.d4 Nb8c6
2.e3 d5
3.Qd1e2 e5
4.Nb1c3 e4
5.f3 Ng8f6
6.Qe2b5 a6
7.Qb5e2 Bf8b4
8.Bc1d2 Nc6a5
9.Nc3b1 Qd8d6
10.c3 Na5c4
11.a3 Bb4a5
12.b3 Nc4b2
13.Bd2c1 Nb2d3
14.Kd2 c5
15.fxe4 c4
16.bxc4 dxc4
17.Ng1f3 Nf6xe4
18.Kd1 Ne4f2
19.Kd2 Nf2xh1
20.h3 Nh1g3
21.Qe2d1 Ng3e4
22.Kc2 Bc8d7
23.Nf3d2 Bd7a4
24.Nd2b3 Ba4xb3

0-1

[Event "Match"]
[Site "www.echecsemail.com"]
[Date "2019.03.24"]
[Round "1"]
[White "Logout"]
[Black "D4minance"]
[WhiteElo "2090"]
[BlackElo "1499"]
[Result "0-1"]
[Round "1"]
1.c4 g6
2.Nb1c3 Bf8g7
3.d4 Ng8f6
4.e3 O-O
5.Ng1f3 d5
6.c5 b6
7.b4 a5
8.Qd1b3 axb4
9.Qb3xb4 Nb8c6
10.Qb4b3 bxc5
11.dxc5 Nf6e4
12.Bc1b2 Ne4xc5
13.Qb3c2 Bc8f5
14.Qc2d2 Nc6b4
15.Ra1c1 Nc5d3
16.Bf1xd3 Nb4xd3
17.Kf1 Nd3xc1
18.Qd2xc1 c5
19.a3 Qd8b6
20.Ke2 Rf8b8
21.Nc3d1 Qb6b5
22.Ke1 Bg7xb2
23.Nd1xb2 Qb5xb2
24.Qc1xb2 Rb8xb2
25.Nf3d2 Ra8xa3
26.Rh1f1 Ra3a2
27.f4 Rb2xd2
28.h3 Rd2e2
29.Kd1 Bf5d3
30.Rf1e1 Ra2a1

0-1

[Event "Tourn. n9992"]
[Site "www.echecsemail.com"]
[Date "2019.03.24"]
[Round "1"]
[White "Greghghs"]
[Black "Tartan"]
[WhiteElo "2490"]
[BlackElo "2610"]
[Result "0-1"]
[Round "1"]
1.e4 c5
2.Ng1f3 Nb8c6
3.d4 cxd4
4.Nf3xd4 e6
5.Nb1c3 a6
6.Bc1f4 d6
7.Nd4xc6 bxc6
8.Bf1e2 e5
9.Bf4g3 Ng8f6
10.Qd1d2 Bf8e7
11.Ra1d1 Qd8b6
12.b3 O-O
13.O-O Bc8e6
14.Qd2d3 Rf8d8
15.Rf1e1 h6
16.Nc3a4 Qb6c7
17.c4 Qc7b7
18.Qd3c2 Qb7b4
19.Na4b2 a5
20.Nb2d3 Qb4b8
21.Be2f3 a4
22.b4 Nf6d7
23.a3 Qb8a7
24.Nd3b2 Nd7f8
25.Rd1d3 Qa7a6
26.Bf3d1 f5
27.f3 Nf8d7
28.Bg3f2 Nd7b6
29.Rd3c3 fxe4
30.fxe4 c5
31.b5 Qa6b7
32.Re1f1 Rd8f8
33.Rc3f3 Be7g5
34.Qc2d3 Be6f7
35.Bd1e2 Qb7e7
36.Rf1d1 Rf8d8
37.Bf2e3 Bg5h4
38.Be3d2 Bf7g6
39.Qd3c2 Qe7b7
40.Be2d3 Bg6h5
41.Bd3e2 Bh5xf3
42.Be2xf3 Qb7e7
43.Bd2c3 Bh4g5
44.Bc3d2 Rd8f8
{ resign }
0-1

[Event "Match"]
[Site "www.echecsemail.com"]
[Date "2019.03.24"]
[Round "1"]
[White "D4minance"]
[Black "Liencam2"]
[WhiteElo "2299"]
[BlackElo "2330"]
[Result "1-0"]
[Round "1"]
1.d4 Ng8f6
2.c4 e6
3.g3 c5
4.d5 exd5
5.cxd5 b5
6.Bc1f4 d6
7.e4 Bc8d7
8.a4 bxa4
9.Nb1c3 Bf8e7
10.Bf1g2 Bd7g4
11.Qd1xa4 Nb8d7
12.h3 Bg4h5
13.Ng1f3 Qd8b6
14.g4 Bh5g6
15.e5 dxe5
16.Nf3xe5 Ra8d8
17.Ne5c6 Rd8c8
18.O-O Kf8
19.Rf1e1 Be7d8
20.g5 Nf6e8
21.Re1xe8 Kxe8
22.Ra1e1 Kf8
23.Bf4d6 { resign }
1-0

[Event "Tourn. n10066"]
[Site "www.echecsemail.com"]
[Date "2019.03.24"]
[Round "1"]
[White "Dougbeer"]
[Black "Greghghs"]
[WhiteElo "2550"]
[BlackElo "2510"]
[Result "1-0"]
[Round "1"]
1.e4 c6
2.c4 e5
3.Ng1f3 d6
4.d4 Qd8c7
5.Nb1c3 Ng8f6
6.Bf1e2 Bf8e7
7.h3 O-O
8.O-O a6
9.Bc1e3 b5
10.cxb5 axb5
11.Qd1c2 Nb8a6
12.a3 exd4
13.Be3xd4 Na6c5
14.e5 Nf6e8
15.Be2xb5 cxb5
16.Nc3d5 Qc7b7
17.Nd5xe7 Qb7xe7
18.exd6 Ne8xd6
19.Bd4xc5 Qe7c7
20.Rf1d1 Rf8d8
21.Nf3d4 Bc8b7
22.Bc5xd6 Qc7xd6
23.Nd4xb5 Qd6f8
24.Qc2c7 Bb7a6
25.Nb5d6 { resign }
1-0

[Event "Tourn. n10077"]
[Site "www.echecsemail.com"]
[Date "2019.03.24"]
[Round "1"]
[White "Julian"]
[Black "Osopanda"]
[WhiteElo "1440"]
[BlackElo "1440"]
[Result "0-1"]
[Round "1"]
1.e4 e5
2.Ng1f3 Nb8c6
3.Bf1c4 Ng8f6
4.Nb1c3 d6
5.d4 exd4
6.Nf3xd4 Bc8d7
7.O-O { time. }
0-1

[Event "Match"]
[Site "www.echecsemail.com"]
[Date "2019.03.24"]
[Round "1"]
[White "Shallowthink"]
[Black "Micheles"]
[WhiteElo "1809"]
[BlackElo "2510"]
[Result "0-1"]
[Round "1"]
1.d4 Ng8f6
2.Ng1f3 g6
3.c4 Bf8g7
4.e3 O-O
5.Bf1e2 c5
6.d5 e6
7.Nb1c3 exd5
8.cxd5 d6
9.O-O Rf8e8
{ resign }
0-1

[Event "1/128 Finale"]
[Site "www.chess-mail.com"]
[Date "2019.03.24"]
[Round "1"]
[White "Bojan"]
[Black "Traub"]
[WhiteElo "1960"]
[BlackElo "1590"]
[Result "1-0"]
[Round "1"]
1.e4 d6
2.d4 Ng8f6
3.Bf1d3 g6
4.h3 Bf8g7
5.Nb1c3 Nb8d7
6.Bc1e3 O-O
7.f4 c5
8.d5 a6
9.g4 b5
10.Qd1f3 Bc8b7
11.b3 Ra8c8
12.Ra1b1 Nd7b6
13.g5 Nf6e8
14.Nc3d1 e6
15.dxe6 fxe6
16.c3 c4
17.Bd3c2 e5
18.Ng1e2 d5
19.Ne2g3 exf4
20.Be3xb6 Qd8xb6
21.Ng3e2 dxe4
22.Bc2xe4 Ne8d6
23.Be4xb7 Qb6xb7
24.Qf3xb7 Nd6xb7
25.O-O Bg7e5
26.Nd1f2 f3
27.Ne2d4 cxb3
28.Rb1xb3 Rc8c4
29.Nf2g4 Be5xd4
30.cxd4 Rc4xd4
31.Rf1f2 Rd4d1
32.Kh2 Nb7c5
33.Rb3e3 Nc5d3
34.Rf2xf3  { time }
1-0

[Event "1/128 Finale"]
[Site "www.chess-mail.com"]
[Date "2019.03.24"]
[Round "1"]
[White "Mitja"]
[Black "Esperanza"]
[WhiteElo "2060"]
[BlackElo "1660"]
[Result "1-0"]
[Round "1"]
1.d4 Ng8f6
2.e3 g6
3.c3 Bf8g7
4.Ng1f3 O-O
5.b3 d6
6.Bc1b2 Bc8g4
7.Bf1e2 c6
8.h3 Bg4xf3
9.Be2xf3 e5
10.dxe5 dxe5
11.Qd1c2 Nb8d7
12.O-O Rf8e8
13.Nb1d2 Nd7f8
14.Ra1d1 Nf8e6
15.Nd2e4 Qd8c7
16.Ne4xf6 Bg7xf6
17.a4 Ra8d8
18.Rd1xd8 Re8xd8
19.Rf1d1 Bf6g7
20.Rd1xd8 Qc7xd8
21.Bf3e2 Qd8d6
22.c4 f5
23.f3 a5
24.Bb2c3 b6
25.e4 Ne6d4
26.Bc3xd4 Qd6xd4
27.Kh2 c5
28.exf5 Qd4f4
29.g3 Qf4xf5
30.Qc2d2 Qf5e6
31.Kg2 Kf7
32.Qd2d3 Ke7
33.Qd3e4 h6
34.Qe4b7 Kf8
35.Be2d3 g5
36.Bd3e4 Qe6f6
37.Qb7b8 Ke7
38.Qb8c7 Kf8
39.Be4d5 Bg7h8
40.Qc7c8 Ke7
41.Bd5c6 Kf7
42.Qc8c7 Kf8
43.Qc7xb6 e4
44.Qb6xc5 Kg7
45.Bc6xe4 Qf6b2
46.Qc5f2 Qb2xb3
47.Qf2d4 Kg8
48.Be4d5 Kh7
49.Bd5e4 Kg8
50.Qd4d8 Kg7
51.Qd8e7 { resign }
1-0

[Event "Tourn. n10078"]
[Site "www.echecsemail.com"]
[Date "2019.03.25"]
[Round "1"]
[White "Reignblowcan"]
[Black "Seger"]
[WhiteElo "2560"]
[BlackElo "2760"]
[Result "0-1"]
[Round "1"]
1.c4 c5
2.Ng1f3 f5
3.d4 cxd4
4.Nf3xd4 g6
5.e4 fxe4
6.Nb1c3 Ng8f6
7.h4 h5
8.c5 Bf8g7
9.Bc1f4 O-O
10.Bf1c4 Kh7
11.O-O b6
12.Nd4b5 Bc8a6
13.cxb6 Qd8xb6
14.Bf4e3 Qb6d8
15.a4 Nb8c6
16.Be3g5 Nc6e5
17.Bc4d5 Nf6xd5
18.Nc3xd5 Rf8f7
19.Qd1e2 Qd8b8
20.Ra1c1 Ne5g4
21.g3 Ba6b7
22.Nd5e3 Ng4e5
23.Nb5c7 e6
{ resign }
0-1

[Event "Tourn. n10086"]
[Site "www.echecsemail.com"]
[Date "2019.03.25"]
[Round "1"]
[White "Fegatux"]
[Black "Buchauer"]
[WhiteElo "2240"]
[BlackElo "2860"]
[Result "0-1"]
[Round "1"]
1.d4 Ng8f6
2.c4 g6
3.Nb1c3 Bf8g7
4.e4 d6
5.f4 c5
6.d5 O-O
7.Ng1f3 e6
8.Bf1e2 exd5
9.cxd5 Rf8e8
10.e5 dxe5
11.fxe5 Nf6g4
12.Bc1g5 Qd8b6
13.O-O Ng4xe5
14.Nf3xe5 Bg7xe5
15.Be2c4 Bc8f5
16.Nc3b5 Be5xb2
17.Ra1b1 Bf5xb1
18.Qd1xb1 Bb2d4
19.Kh1 Nb8d7
20.d6 Nd7e5
21.Bc4d5 Ra8d8
22.Bg5xd8 Re8xd8
{ resign }
0-1

[Event "Tourn. n10075"]
[Site "www.echecsemail.com"]
[Date "2019.03.25"]
[Round "1"]
[White "Claudia"]
[Black "Ditto"]
[WhiteElo "1850"]
[BlackElo "1710"]
[Result "0-1"]
[Round "1"]
1.d4 d5
2.c4 c6
3.Nb1c3 Bc8f5
4.cxd5 cxd5
5.Qd1b3 Ng8f6
6.Qb3xb7 Nb8d7
7.Nc3xd5 Qd8a5
8.Nd5c3 Ra8b8
9.Qb7c6 e6
10.e3 Bf8b4
11.Bc1d2 O-O
12.Qc6a6 Qa5c7
13.Ng1f3 Bb4xc3
14.Bd2xc3 Nf6d5
15.Bf1d3 Nd5xc3
16.Bd3xf5 exf5
17.Ra1c1 Rb8xb2
18.Qa6a3 Rb2b1
19.Rc1xb1 Nc3xb1
20.Qa3b2 Rf8b8
21.Qb2e2 Qc7c3
{ resign }
0-1

[Event "Tourn. n10071"]
[Site "www.echecsemail.com"]
[Date "2019.03.25"]
[Round "1"]
[White "Estonia"]
[Black "Jesmantiz"]
[WhiteElo "2010"]
[BlackElo "2040"]
[Result "0-1"]
[Round "1"]
1.e4 d6
2.d4 c6
3.c4 g6
4.Ng1f3 Bf8g7
5.Nb1c3 h6
6.Bf1e2 e6
7.Qd1c2 Ng8e7
8.Bc1d2 O-O
9.Qc2c1 Kh7
10.d5 e5
11.O-O Nb8a6
12.a3 Na6c5
13.Qc1c2 g5
14.b4 Nc5d7
15.h4 g4
16.Nf3h2 Nd7f6
17.f4 Ne7g6
18.h5 Nf6xh5
19.f5 Ng6f4
20.Bd2xf4 exf4
21.Be2xg4 Nh5g3
22.Rf1xf4 Bg7e5
23.Rf4f3 Qd8h4
24.Ra1a2 Ng3e2
25.Qc2xe2 Be5xh2
26.Kf1 Qh4xg4
27.Rf3h3 Qg4xe2
28.Ra2xe2 Bh2e5
29.Nc3d1 cxd5
30.cxd5 Bc8d7
31.g4 Bd7b5
32.Nd1c3 Bb5xe2
33.Kxe2 Ra8c8
34.Nc3d1 Rc8c2
35.Kd3 Rf8c8
36.g5 Rc8c3
37.Nd1xc3 Rc2xc3
{ resign }
0-1

[Event "Match"]
[Site "www.echecsemail.com"]
[Date "2019.03.25"]
[Round "1"]
[White "Nimzo"]
[Black "Conde7"]
[WhiteElo "2850"]
[BlackElo "2780"]
[Result "1/2-1/2"]
[Round "1"]
1.d4 Ng8f6
2.c4 e6
3.Nb1c3 Bf8b4
4.Qd1c2 d5
5.cxd5 exd5
6.Bc1g5 O-O
7.e3 h6
8.Bg5h4 Bc8g4
9.h3 Bg4e6
10.Ng1f3 c5
11.Bf1e2 cxd4
12.Nf3xd4 Nb8c6
13.Nd4xe6 fxe6
14.O-O Ra8c8
15.Be2g4 Qd8e8
16.Bh4xf6 Rf8xf6
17.Qc2b3 Rc8d8
18.a3 Bb4xc3
19.Qb3xc3 e5
20.Ra1d1 a6
21.Qc3b3 Qe8f7
22.Bg4e2 Kh8
23.a4 a5
24.Qb3b5 Rf6d6
25.Be2d3 Qf7e7
26.Bd3b1 g6
27.Kh1 Kg7
28.f4 e4
29.f5 g5
30.f6 Rd6xf6
31.Rf1xf6 Qe7xf6
32.Qb5xb7 Kh8
33.Qb7b5 g4
34.Rd1xd5 Rd8xd5
{ draw }
1/2-1/2

[Event "Tourn. n10091"]
[Site "www.echecsemail.com"]
[Date "2019.03.25"]
[Round "1"]
[White "Claudia"]
[Black "Malbertan"]
[WhiteElo "1910"]
[BlackElo "1970"]
[Result "1-0"]
[Round "1"]
1.d4 e6
2.c4 f5
3.Nb1c3 Ng8f6
4.f3 Bf8b4
5.Bc1d2 Qd8e7
6.e3 O-O
7.Bf1d3 c5
8.a3 Bb4a5
9.dxc5 Nb8c6
10.b4 Ba5c7
11.Ng1e2 Nc6e5
12.Qd1c2 Nf6h5
13.O-O a5
14.Nc3b5 Bc7b8
15.Bd2c3 Ne5xd3
16.Qc2xd3 Qe7h4
17.Nb5d6 f4
18.Qd3d4 Bb8xd6
19.cxd6 Qh4f6
20.Qd4xf6 gxf6
21.exf4 b6
22.g4 Nh5g7
23.c5 bxc5
24.bxc5 Bc8a6
25.Kf2 Ra8c8
26.Bc3d4 Rc8b8
27.Rf1b1 Ba6d3
28.Rb1xb8 Rf8xb8
29.Bd4xf6 { resign }
1-0

[Event "Match"]
[Site "www.echecsemail.com"]
[Date "2019.03.25"]
[Round "1"]
[White "Manolinex"]
[Black "Aperturaf"]
[WhiteElo "2900"]
[BlackElo "2720"]
[Result "1/2-1/2"]
[Round "1"]
1.e4 e6
2.d4 d5
3.Nb1d2 c5
4.exd5 Qd8xd5
5.Ng1f3 cxd4
6.Bf1c4 Qd5d6
7.O-O Ng8f6
8.Nd2b3 Nb8c6
9.Nb3xd4 Nc6xd4
10.Nf3xd4 a6
11.Rf1e1 Qd6c7
12.Bc4b3 Bf8d6
13.h3 O-O
14.Bc1g5 b5
15.a4 Bc8b7
16.axb5 axb5
17.Ra1xa8 Bb7xa8
18.Bg5xf6 gxf6
19.Bb3xe6 fxe6
20.Nd4xe6 Qc7e7
21.Ne6xf8 Qe7g7
22.Qd1g4 Bd6xf8
23.Qg4e6 Qg7f7
24.c3 Kg7
25.Qe6g4 Qf7g6
26.Re1a1 Qg6xg4
27.hxg4 Ba8d5
28.Kh2 Kg6
29.Kg3 Bd5c4
30.Kf4 Bf8d6
31.Ke4 Kg5
32.Ra1a7 Bd6c5
33.f4 Kxg4
34.Ra7g7 Kh4
35.Rg7xh7 Kg3
36.Rh7g7 Kf2
37.g4 Ke2
38.g5 fxg5
39.fxg5 Bc5e3
40.g6 Bc4d3
41.Kd5 Kd2
42.Ke5 Kc2
43.Rg7b7 Bd3xg6
44.Rb7xb5 { draw }
1/2-1/2

[Event "Tourn. n10082"]
[Site "www.echecsemail.com"]
[Date "2019.03.25"]
[Round "1"]
[White "Karadayi"]
[Black "Esperanza"]
[WhiteElo "1480"]
[BlackElo "1710"]
[Result "0-1"]
[Round "1"]
1.c4 Ng8f6
2.d4 g6
3.Ng1f3 Bf8g7
4.e3 O-O
5.g3 d6
6.Bf1g2 c6
7.O-O Bc8g4
8.h3 Bg4f5
9.Nb1c3 Rf8e8
10.g4 Bf5e6
 { time }
0-1

[Event "Tourn. n10060"]
[Site "www.echecsemail.com"]
[Date "2019.03.25"]
[Round "1"]
[White "Ditto"]
[Black "Libiesse"]
[WhiteElo "1680"]
[BlackElo "1820"]
[Result "0-1"]
[Round "1"]
1.e4 c5
2.Bf1c4 e6
3.Ng1f3 a6
4.Nb1c3 b5
5.Bc4e2 Bc8b7
6.d3 Qd8c7
7.e5 Nb8c6
8.Bc1f4 Ra8d8
9.Qd1d2 d6
10.O-O-O b4
11.Nc3a4 d5
12.Bf4g5 f6
13.exf6 gxf6
14.Bg5f4 e5
15.Bf4g3 Bf8h6
16.Qd2xh6 Ng8xh6
17.Na4xc5 Bb7c8
18.Nf3d2 Nc6d4
19.Be2h5 Nh6f7
20.Nc5b3 Qc7xc2
{ resign }
0-1

[Event "1/128 Finale"]
[Site "www.chess-mail.com"]
[Date "2019.03.25"]
[Round "1"]
[White "Traub"]
[Black "Passaroa25"]
[WhiteElo "1590"]
[BlackElo "1780"]
[Result "1-0"]
[Round "1"]
1.d4 Nb8c6
2.d5 Nc6e5
3.e4 Ne5g6
4.f4 d6
5.Ng1f3 e5
6.fxe5 Ng6xe5
7.Bc1f4 Ne5g6
8.Bf4g3 Ng8e7
9.Nb1c3 Bc8d7
10.Bf1c4 f6
11.O-O Qd8b8
12.Nf3d4 c5
13.dxc6 Ne7xc6
14.Nd4b3 Bf8e7
15.Nc3d5 Nc6e5
16.Nd5xe7 Ne5xc4
17.Ne7xg6 hxg6
18.Qd1d4 Qb8c7
19.Ra1d1 b6
20.Bg3xd6 Qc7c6
21.Rf1xf6 Nc4xd6
22.Rf6xd6 O-O
23.Rd6xc6 Bd7xc6
24.Qd4c4 Kh7
25.Qc4xc6 Rf8f7
26.Qc6xa8 g5
27.e5 { resign }
1-0

[Event "1/128 Finale"]
[Site "www.chess-mail.com"]
[Date "2019.03.25"]
[Round "1"]
[White "Esperanza"]
[Black "Bevittsmith"]
[WhiteElo "1660"]
[BlackElo "2230"]
[Result "1-0"]
[Round "1"]
1.e4 c5
2.Ng1f3 d6
3.d4 cxd4
4.Nf3xd4 Ng8f6
5.Nb1c3 a6
6.f3 e6
7.Bc1e3 Bf8e7
8.Qd1d2 Nb8c6
9.O-O-O Nc6xd4
10.Be3xd4 Qd8c7
11.g4 e5
12.Bd4e3 Bc8e6
13.h4 O-O-O
14.g5 Nf6d7
15.Bf1h3 Rh8e8
16.Nc3d5 Be6xd5
17.Qd2xd5 f6
18.Rd1d3 Kb8
19.Rd3c3 { resign }
1-0

[Event "1/64 Finale"]
[Site "www.chess-mail.com"]
[Date "2019.03.25"]
[Round "1"]
[White "Cal"]
[Black "Esperanza"]
[WhiteElo "1770"]
[BlackElo "1710"]
[Result "1/2-1/2"]
[Round "1"]
1.c4 Ng8f6
2.Nb1c3 g6
3.e4 d6
4.d3 Bf8g7
5.h3 O-O
6.Ng1f3 e5
7.Bc1g5 Bc8e6
8.Bf1e2 c6
9.b4 a5
10.b5 Nb8d7
11.O-O Nd7c5
12.Nf3h2 h6
13.Bg5h4 Qd8d7
14.b6 Qd7d8
15.f4 exf4
16.Rf1xf4 g5
17.Bh4xg5 hxg5
{ draw }
1/2-1/2

[Event "Tourn. n10076"]
[Site "www.echecsemail.com"]
[Date "2019.03.26"]
[Round "1"]
[White "Luban"]
[Black "Picifarkinca"]
[WhiteElo "2190"]
[BlackElo "2120"]
[Result "1-0"]
[Round "1"]
1.d4 d5
2.Ng1f3 Ng8f6
3.h3 e6
4.a3 c5
5.c4 Nb8c6
6.e3 cxd4
7.exd4 dxc4
8.Bf1xc4 a6
9.O-O b5
10.Bc4d3 Bc8b7
11.Bc1e3 Bf8e7
12.b4 O-O
13.Nb1c3 Ra8c8
14.Ra1c1 Nf6d5
15.Rf1e1 Nd5f6
16.Qd1c2  { time }
1-0

[Event "Tourn. n10021"]
[Site "www.echecsemail.com"]
[Date "2019.03.26"]
[Round "1"]
[White "Apdash"]
[Black "Cemaah"]
[WhiteElo "2250"]
[BlackElo "2099"]
[Result "0-1"]
[Round "1"]
1.d4 Ng8f6
2.c4 e6
3.a3 c5
4.Ng1f3 cxd4
5.Nf3xd4 d5
6.Nb1c3 Bf8e7
7.e3 O-O
8.cxd5 Nf6xd5
9.Bc1d2 a6
10.Bf1d3 e5
11.Nd4e2 Nb8c6
12.Qd1c2 Nd5f6
13.Ra1d1 Bc8e6
14.O-O Qd8c7
15.f4 Ra8d8
16.Nc3e4 h6
17.Ne2g3 exf4
18.exf4 Qc7b6
19.Kh1 Nf6d5
20.f5 Nc6d4
21.Qc2b1 Be6d7
22.Ne4c3 Bd7c6
23.Nc3xd5 Bc6xd5
24.Bd2e3 Be7f6
25.Ng3h5 Rf8e8
26.Be3g1 Qb6c6
27.Nh5f4 Bd5b3
28.Bg1xd4 Rd8xd4
29.Rd1c1 Qc6d6
30.Rc1c3 Rd4xf4
31.Rc3xb3 Rf4h4
32.h3 Rh4xh3
33.gxh3 Qd6d5
34.Kg1 Qd5xb3
35.Qb1c2 Bf6d4
36.Kh1 Qb3xc2
37.Bd3xc2 Re8e2
38.Bc2d3 Re2xb2
39.Rf1f4 Bd4f6
40.Rf4b4 Rb2xb4
41.axb4 Bf6c3
42.b5 a5
43.Bd3c2 Kf8
44.Kg2 Ke7
45.Kf3 Kd6
46.Bc2e4 a4
47.Ke3 a3
48.Be4b1 Kc5
49.Bb1a2 f6
50.Kd3 Bc3e5
51.Ba2c4 b6
52.h4 Be5g3
53.h5 Bg3e5
54.Bc4a2 Kxb5
55.Ba2e6 Kb4
56.Kc2 b5
57.Be6a2 Kc5
58.Kd3 Be5b2
59.Ba2e6 Kd6
60.Ke4 Bb2c1
61.Be6b3 Kc5
62.Kd3 Kb4
63.Kc2 Bc1f4
64.Bb3a2 Bf4d6
65.Ba2b3 Bd6f8
66.Bb3a2 Kc5
67.Kd3 Kd6
68.Ke4 g5
69.fxg6 Bf8g7
70.Ba2f7 Kc5
71.Kd3 f5
72.Bf7a2 f4
73.Ke4 f3
74.Kxf3 Kd4
75.Kf4 b4
76.Kf5 Kc3
77.Ke6 b3
78.Kf7 Bg7d4
79.g7 Bd4xg7
80.Kxg7 bxa2
81.Kxh6 a1Q
82.Kg6 Qa1g1
83.Kh7 Qg1g5
84.h6 a2
85.Kh8 Qg5xh6
{ resign }
0-1

[Event "Tourn. n10083"]
[Site "www.echecsemail.com"]
[Date "2019.03.26"]
[Round "1"]
[White "Bojan"]
[Black "Scasan55"]
[WhiteElo "2020"]
[BlackElo "1980"]
[Result "1-0"]
[Round "1"]
1.e4 e6
2.e5 d5
3.d4 c5
4.c3 cxd4
5.Qd1xd4 Nb8c6
6.Qd4f4 Ng8e7
7.Ng1f3 Ne7g6
8.Qf4g3 Bf8e7
9.h4 h5
10.Bf1b5 Bc8d7
11.Bb5xc6 Bd7xc6
12.Bc1e3 Bc6b5
13.Nb1d2 b6
14.Nd2b3 Ra8c8
15.Nb3d4 Qd8d7
16.Be3d2 Be7c5
17.b3 Bc5xd4
18.Nf3xd4 Bb5a6
19.f4 b5
20.O-O b4
21.Rf1f3 bxc3
22.Bd2xc3 Qd7e7
23.Bc3e1 O-O
24.Qg3f2 Rc8c7
25.a3 Rf8c8
26.Be1b4 Qe7xh4
27.Qf2d2 Qh4g4
28.Qd2e3 h4
29.Bb4d2 Ng6e7
30.b4 Ne7f5
31.Nd4xf5 Qg4xf5
32.Kh2 Ba6b7
33.Rf3h3 Rc7c2
34.Rh3xh4 d4
35.Qe3xd4 Bb7d5
36.a4 Qf5e4
37.Qd4xe4 Bd5xe4
38.Ra1d1 Rc2a2
39.Bd2e3 Ra2xg2
40.Kh3 Rg2e2
41.Be3c5 Be4c2
42.Rd1d7 Bc2xa4
43.Rd7xa7 Ba4c2
44.Kg3 Bc2e4
45.Ra7a1 Rc8d8
46.Bc5d6 g6
47.Ra1a3 Kg7
48.Rh4h2 Re2xh2
49.Kxh2 Rd8h8
50.Kg3 g5
51.fxg5 Kg6
52.Bd6e7 Be4f5
53.Ra3a2 Rh8h3
54.Kf4 Rh3h4
55.Ke3 Rh4e4
56.Kf3 Re4xe5
57.Ra2b2 Bf5d3
58.Rb2h2 Re5xg5
59.Be7xg5 Kxg5
60.Rh2b2 Bd3b5
61.Rb2c2 f5
62.Rc2c5 Bb5f1
63.b5 Bf1d3
64.Rc5e5 Kf6
65.Kf4 Bd3e4
66.b6 Ke7
67.Re5b5 Be4b7
68.Ke5 Kd8
69.Kxe6 f4
70.Rb5f5 Bb7c8
71.Kd6 { resign }
1-0

[Event "Tourn. n10080"]
[Site "www.echecsemail.com"]
[Date "2019.03.26"]
[Round "1"]
[White "Apdash"]
[Black "Francesco"]
[WhiteElo "2150"]
[BlackElo "2080"]
[Result "0-1"]
[Round "1"]
1.e4 e5
2.Ng1f3 Ng8f6
3.Bf1c4 Nf6xe4
4.d3 Ne4f6
5.Bc1g5 Bf8e7
6.Nf3xe5 d5
7.Bc4b3 O-O
8.O-O c6
9.Rf1e1 Nb8d7
10.f4 h6
11.Bg5h4 Nd7xe5
12.fxe5 Bc8g4
13.exf6 Be7c5
14.d4 Bg4xd1
15.fxg7 Bc5xd4
16.Kh1 Qd8xh4
17.gxf8Q Ra8xf8
18.g3 Bd1f3
{ resign }
0-1

[Event "Match"]
[Site "www.echecsemail.com"]
[Date "2019.03.26"]
[Round "1"]
[White "Eeze"]
[Black "Coraza"]
[WhiteElo "1880"]
[BlackElo "1720"]
[Result "1-0"]
[Round "1"]
1.e4 e5
2.Ng1f3 Nb8c6
3.c3 Ng8f6
4.d3 Bf8c5
5.b4 Bc5b6
6.b5 Nc6e7
7.Nf3xe5 d6
8.Ne5f3 Nf6g4
9.d4 c5
10.h3 Ng4f6
11.Qd1c2 Bc8d7
12.d5 h6
13.c4 Bb6a5
14.Nb1d2 O-O
15.Bf1d3 Ba5xd2
16.Bc1xd2 a5
17.a4 b6
18.Bd2f4 Qd8c8
19.Bf4xd6 Rf8e8
20.O-O Bd7xh3
21.gxh3 Qc8xh3
22.Nf3h2 Ne7g6
23.Bd6g3 Nf6g4
24.Nh2xg4 Qh3xg4
25.Kh2 Ng6e5
26.Bd3e2 Ne5f3
27.Be2xf3 Qg4xf3
28.Rf1e1 Qf3h5
29.Kg2 Qh5g5
30.Ra1a3 Re8e7
31.Ra3e3 h5
32.f4 Qg5g4
33.Qc2e2 Qg4g6
34.Kh3 Ra8e8
35.f5 Qg6f6
36.Qe2xh5 g6
37.fxg6 fxg6
38.Qh5g4 Re7h7
39.Kg2 Qf6b2
40.Kg1 Rh7g7
41.e5 Qb2c2
42.e6 Qc2xa4
43.d6 Qa4xc4
44.Qg4xc4 Rg7a7
45.e7 Kh7
46.Qc4f7 { resign }
1-0

[Event "Match"]
[Site "www.echecsemail.com"]
[Date "2019.03.26"]
[Round "1"]
[White "Bojan"]
[Black "Mitja"]
[WhiteElo "1950"]
[BlackElo "2130"]
[Result "1-0"]
[Round "1"]
1.e4 d5
2.exd5 Qd8xd5
3.Nb1c3 Qd5d8
4.d4 e6
5.Bf1d3 c6
6.Bc1e3 h6
7.a3 Ng8f6
8.h3 b6
9.Ng1f3 Bc8b7
10.O-O Bf8d6
11.Nc3e4 Bd6c7
12.Nf3h2 Nf6xe4
13.Bd3xe4 Nb8d7
14.Qd1f3 Nd7b8
15.Ra1d1 Qd8d6
16.g3 h5
17.c4 Qd6e7
18.b4 f5
19.Be4d3 Nb8d7
20.h4 O-O-O
21.Rf1e1 Qe7f7
22.Be3f4 Nd7f6
23.Bf4xc7 Kxc7
24.Qf3f4 Kc8
25.Bd3c2 g6
26.Nh2f3 Nf6g4
27.Nf3g5 Qf7c7
28.Qf4xc7 Kxc7
29.Ng5xe6 Kc8
30.Ne6xd8 Kxd8
31.Re1e6 Rh8g8
32.f3 Ng4h6
33.d5 cxd5
34.cxd5 Kd7
35.Bc2a4 Kd8
36.Kf2 f4
37.Re6d6 Kc7
38.Rd6f6 fxg3
39.Kxg3 Nh6f5
40.Kh3 Nf5e3
41.d6 Kd8
42.Rd1d3 Ne3f5
43.Ba4b3 Rg8g7
44.Bb3e6 Nf5xd6
45.Rd3xd6 Ke7
46.Be6c4 Bb7c8
47.Kg3 { resign }
1-0

[Event "Tourn. n10054"]
[Site "www.echecsemail.com"]
[Date "2019.03.26"]
[Round "1"]
[White "Jackbauer"]
[Black "Souricette64"]
[WhiteElo "1840"]
[BlackElo "1799"]
[Result "0-1"]
[Round "1"]
1.e4 e6
2.f4 d5
3.e5 c5
4.Ng1f3 Nb8c6
5.Bf1b5 Bc8d7
6.c3 Nc6xe5
7.fxe5 Bd7xb5
8.d3 Qd8b6
9.a4 Qb6a6
10.d4 cxd4
11.Nf3xd4 Bb5d3
12.Nd4c2 Bd3xc2
13.Qd1xc2 Ng8e7
14.b4 Ne7g6
15.a5 Ng6xe5
16.Qc2a4 Qa6c6
17.Qa4c2 Bf8xb4
18.O-O Bb4c5
19.Kh1 O-O
20.Qc2e2 Bc5d6
21.Bc1b2 Ne5c4
22.Qe2d3 Nc4xb2
23.Qd3c2 Nb2c4
24.Rf1f3 g6
25.Nb1d2 Nc4xd2
26.Qc2xd2 Bd6e5
27.Ra1e1 Be5g7
28.Rf3h3 Ra8c8
29.Re1e3 d4
30.cxd4 Qc6c1
31.Qd2e1 Qc1xe1
32.Re3xe1 Bg7xd4
33.Rh3b3 b6
34.axb6 Bd4xb6
35.h3 Rf8d8
36.Re1f1 Rc8c2
37.Rb3g3 Rd8d2
38.Rg3f3 Rd2xg2
39.Rf3xf7 Rg2h2
{ resign }
0-1